Крепостной живописец Иван Летунов // Встречи с прошлым. - Вып. 12. - С. 570-610 (Record no. 78993)

MARC details
000 -МАРКЕР
контрольное поле 01497naa0a22002172i 4500
001 - ИДЕНТИФИКАТОР ЗАПИСИ
контрольное поле RU\VMP\78993
005 - ИДЕНТИФИКАТОР ВЕРСИИ
контрольное поле 20250107123008.0
100 ## - ДАННЫЕ ОБЩЕЙ ОБРАБОТКИ
Данные общей обработки 20181112d2017 |||y0rusy5050 ca
101 0# - ЯЗЫК РЕСУРСА
Язык текста, звукозаписи и т.д. русский
102 ## - СТРАНА ПУБЛИКАЦИИ ИЛИ ПРОИЗВОДСТВА
Страна публикации российская федерация
200 1# - ЗАГЛАВИЕ И СВЕДЕНИЯ ОБ ОТВЕТСТВЕННОСТИ
Основное заглавие Крепостной живописец Иван Летунов
Сведения, относящиеся к заглавию Статья
Первые сведения об ответственности Публикация Н. Б. Волковой
461 #0 - УРОВЕНЬ НАБОРА
Встроенное поле 001RU\VMP\75424
-- 2000 $vВып. 12
Первые сведения об ответственности Глав. архивное упр. при Совете Министров СССР
Системный номер (АБИС) связанной записи 75424
Автор Глав. архивное упр. при Совете Министров СССР
Место публикации М.
Дата публикации 1970-
Имя издателя, распространителя и т.д. Советская Россия
Сведения, относящиеся к заглавию Сборник материалов Центрального Государственного архива литературы и искусства СССР
Заглавие Встречи с прошлым
Номер тома Вып. 12
463 #0 - УРОВЕНЬ ФИЗИЧЕСКОЙ ЕДИНИЦЫ
Встроенное поле 001RU\VMP\78987
-- 2000 $vС. 570-610
Системный номер (АБИС) связанной записи 78987
Дата публикации 2017
Физическая характеристика 672 с., [40] л. ил.
Заглавие Встречи с прошлым. - Вып. 12
ISBN 978-5-906594-11-2
Номер тома С. 570-610
600 #1 - ИМЯ ЛИЦА КАК ПРЕДМЕТ
Идентификатор авторитетной/нормативной записи RU\VMP\AUTH\4056
Начальный элемент ввода Свиньин
Часть имени, кроме начального элемента ввода П. П.
Даты 1788–1839
Расширение инициалов личного имени Павел Петрович
Системный номер авторитетной/нормативной записи 4056
600 #1 - ИМЯ ЛИЦА КАК ПРЕДМЕТ
Код системы
Начальный элемент ввода Летунов
Расширение инициалов личного имени Иван
606 1# - НАИМЕНОВАНИЕ ТЕМЫ КАК ПРЕДМЕТ
Код системы
Наименование темы Крепостная интеллигенция - XIX в.
606 1# - НАИМЕНОВАНИЕ ТЕМЫ КАК ПРЕДМЕТ
Идентификатор авторитетной/нормативной записи RU\VMP\AUTH\4042
Наименование темы Крепостное право
Системный номер авторитетной/нормативной записи 4042
606 1# - НАИМЕНОВАНИЕ ТЕМЫ КАК ПРЕДМЕТ
Идентификатор авторитетной/нормативной записи RU\VMP\AUTH\4021
Наименование темы Живопись
Географический подзаголовок Россия
Хронологический подзаголовок XIX век
Системный номер авторитетной/нормативной записи 4021
700 #1 - ИМЯ ЛИЦА - ПЕРВИЧНАЯ ОТВЕТСТВЕННОСТЬ
Идентификатор авторитетной/нормативной записи RU\VMP\AUTH\3655
Начальный элемент ввода Зильберштейн
Даты 1905–1988
Расширение инициалов личного имени Илья Самойлович
Системный номер авторитетной/нормативной записи 3655
942 ## - ДОПОЛНИТЕЛЬНЫЕ ЭЛЕМЕНТЫ ЗАПИСИ (KOHA)
Тип экземпляра Koha Статья (периодика)

No items available.


© 2015-2024. Всероссийский музей А. С. Пушкина. Все права защищены. Все фото и видеоматериалы публикуются с согласия авторов. При использовании - ссылка обязательна.